[Event "Cappelle op 29th"]
[White "Haast, Anne"]
[Black "Renard, Luc"]
[Site "Cappelle la Grande"]
[Round "5"]
[Result "1-0"]
[Date "2013.02.26"]
[WhiteElo "2268"]
[BlackElo "1734"]
[PlyCount "39"]
[EventDate "2013.02.23"]
[EventType "swiss"]
[EventRounds "9"]
[EventCountry "FRA"]
[SourceTitle "CBM 153 Extra"]
[Source "ChessBase"]
[SourceDate "2013.04.22"]
[SourceVersion "1"]
[SourceVersionDate "2013.04.22"]
[SourceQuality "1"]

1. e4 e6 2. d4 d5 3. Nc3 dxe4 4. Nxe4 Nd7 5. c4 Ngf6 6. Nc3 h6 7. Nf3 Bb4 8. Qc2 0-0 9. Be2 c5 10. 0-0 cxd4 11. Nxd4 a6 12. Rd1 Qc7 13. Ne4 Nxe4 14. Qxe4 Nf6 15. Qf3 Be7 16. a3 Bd7 17. h3 Ne8 18. Bd3 Nd6 19. Bf4 Bc6 20. Qg3 1-0

[Event "Metz op-B 29th"]
[White "Steininger, Denis"]
[Black "Renard, Luc"]
[Site "Metz"]
[Round "7"]
[Result "1-0"]
[Date "2011.05.06"]
[WhiteElo "1978"]
[BlackElo "1744"]
[PlyCount "57"]
[EventDate "2011.05.02"]
[EventType "swiss"]
[EventRounds "9"]
[EventCountry "FRA"]
[SourceTitle "EXT 2013"]
[Source "ChessBase"]
[SourceDate "2012.11.22"]
[SourceVersion "1"]
[SourceVersionDate "2012.11.22"]
[SourceQuality "1"]

1. e4 e6 2. d4 d5 3. Nc3 dxe4 4. Nxe4 Nd7 5. Nf3 Ngf6 6. Bg5 h6 7. Bh4 Be7 8. Nxf6+ Nxf6 9. Bd3 c5 10. dxc5 Bxc5 11. Bb5+ Bd7 12. Bxd7+ Qxd7 13. Bxf6 gxf6 14. Qxd7+ Kxd7 15. 0-0-0+ Ke7 16. Rhf1 Rhd8 17. Rxd8 Rxd8 18. Ne1 Rg8 19. g3 Rd8 20. Nd3 Bb6 21. f4 Be3+ 22. Kd1 Bd4 23. Ke2 Rc8 24. c3 Bb6 25. Rc1 Rc4 26. Kf3 Rc8 27. g4 Rd8 28. Ke2 Rg8 29. h3 1-0

[Event "FRA-chT4 1011"]
[White "Pelade, Thierry"]
[Black "Renard, Luc"]
[Site "Champagne Ardenne"]
[Round "6"]
[Result "1-0"]
[Date "2011.03.20"]
[WhiteElo "1730"]
[BlackElo "1782"]
[PlyCount "83"]
[EventDate "2010.10.10"]
[EventType "team-tourn"]
[EventRounds "7"]
[EventCountry "FRA"]
[SourceTitle "EXT 2024"]
[Source "ChessBase"]
[SourceDate "2023.10.10"]
[SourceVersion "1"]
[SourceVersionDate "2023.10.10"]
[SourceQuality "1"]

1. e4 e6 2. f4 d5 3. exd5 exd5 4. Nf3 Nf6 5. d4 Bd6 6. Be2 0-0 7. 0-0 h6 8. Ne5 Bf5 9. Nd2 Ne4 10. Nxe4 Bxe4 11. Bh5 f6 12. Ng6 Bxg6 13. Bxg6 f5 14. g4 fxg4 15. Qxg4 Qf6 16. f5 Nc6 17. c3 Ne7 18. Bd2 Nxg6 19. fxg6 Qe7 20. Qg2 c6 21. Rae1 Rxf1+ 22. Rxf1 Rf8 23. Rxf8+ Qxf8 24. Qg4 Qe8 25. h4 Bf8 26. h5 Qe7 27. Kf2 Qf6+ 28. Qf4 Be7 29. Qxf6 Bxf6 30. Kf3 Kf8 31. Kg4 Ke7 32. Kf5 Bh4 33. Bf4 Bf6 34. b3 c5 35. Be5 Bxe5 36. Kxe5 cxd4 37. cxd4 b6 38. a3 a6 39. b4 b5 40. Kxd5 Kd7 41. Kc5 Kc7 42. d5 1-0

[Event "FRA-chT4 1011"]
[White "Renard, Luc"]
[Black "Collinet, Laurent"]
[Site "Champagne Ardenne"]
[Round "5"]
[Result "0-1"]
[Date "2011.02.06"]
[WhiteElo "1782"]
[BlackElo "1800"]
[PlyCount "66"]
[EventDate "2010.10.10"]
[EventType "team-tourn"]
[EventRounds "7"]
[EventCountry "FRA"]
[SourceTitle "EXT 2024"]
[Source "ChessBase"]
[SourceDate "2023.10.10"]
[SourceVersion "1"]
[SourceVersionDate "2023.10.10"]
[SourceQuality "1"]

1. d4 Nf6 2. Nf3 g6 3. Bg5 Bg7 4. Nbd2 c5 5. e3 cxd4 6. exd4 Qa5 7. c3 d6 8. Bd3 Nbd7 9. 0-0 0-0 10. Re1 Re8 11. Qb3 Rb8 12. a4 Nf8 13. c4 Ne6 14. Be3 Ng4 15. c5 Nxe3 16. fxe3 dxc5 17. Bb5 Rf8 18. d5 Ng5 19. Rac1 a6 20. Bc4 Bd7 21. Qc2 Nxf3+ 22. Nxf3 Qxa4 23. b3 Qb4 24. Bd3 Rbc8 25. e4 b5 26. Kh1 c4 27. bxc4 bxc4 28. Bf1 Bb5 29. Qf2 Bc3 30. Red1 Ba4 31. Rb1 Bb3 32. Nd4 Qc5 33. Qe3 Bxd1 0-1

[Event "FRA-chT4 0809"]
[White "Rouable, Denis"]
[Black "Renard, Luc"]
[Site "France "]
[Round "4"]
[Result "1-0"]
[Date "2009.01.18"]
[WhiteElo "1820"]
[BlackElo "1720"]
[PlyCount "51"]
[EventDate "2008.10.??"]
[EventType "team-tourn"]
[EventRounds "9"]
[EventCountry "FRA"]
[SourceTitle "EXT 2010"]
[Source "ChessBase"]
[SourceDate "2010.11.25"]
[SourceVersion "1"]
[SourceVersionDate "2010.11.25"]
[SourceQuality "1"]

1. d4 d5 2. c4 e6 3. Nc3 Nf6 4. Bg5 Nbd7 5. e3 Be7 6. Nf3 0-0 7. Bd3 dxc4 8. Bxc4 Re8 9. 0-0 h6 10. Bh4 c6 11. Qe2 Qc7 12. Rac1 Nb6 13. Bb3 Nfd5 14. Bg3 Nxc3 15. Rxc3 Bd6 16. Ne5 Qe7 17. f4 Bxe5 18. fxe5 Nd5 19. Bxd5 exd5 20. Qh5 Be6 21. Bf4 Qd7 22. Bxh6 gxh6 23. Rf6 Bf5 24. Rxh6 Kf8 25. Rh8+ Ke7 26. Qg5+ 1-0